000 00508cam a22001932a 4500
001 023543
003 AR-FADEU
008 311216n2000####xxu####################dd
020 _a950-537-524-7
092 _a330.8
_bL341
_eBDT
100 _aLascano, Marcelo Ramón
245 _aLa economía de los 90 : aspectos significativos consecuencias previsibles
260 _aBuenos Aires
260 _bMacchi
260 _c2000
300 _a126 p
650 _aECONOMIA-AMERICA LATINA/BDT/
942 _cBDT
999 _c29233
_d29233